000 00481nam a2200169Ia 4500
003 GCL
008 140319s9999 xx 000 0 eng d
040 _aGCL /
_cGCL
082 0 4 _a956
_bL I
100 1 _aLINDHOL, CHARLES
245 1 0 _aTHE ISLAMIC MIDDLE EAST: AN HISTORICAL ANTHROPOLOGY /
_cLINDHOL, CHARLES
260 _a[S.N] :
_bBLACKWELL PUBLISHERS ،
_c1996
300 _a324
650 0 4 _aMIDDLE EAST - POLITICS
650 0 4 _aMIDDLE EAST - SOCIAL LIFE
942 _2ddc
_cBK
999 _c14450
_d14450